000
00291nam a2200133Ia 4500
100
_a
Rizzi peter A
942
_c
BK
654
_a
Microwave engineering
245
_a
Microwave Engineering
260
_b
prentice hall
_a
New Jersey
_c
1988
300
_a
571
546
_a
ENGLISH
999
_c
31614
_d
31614